Koncepcia integrovaného vzdelávania rómských detí a mládeže, vrátane rozvoja stredoškolského a vysokoškolského vzdelávania schválená uznesením vlády SR č. 498 zo dňa 26.5.2004
| Format: | Book |
|---|---|
| Language: | Slovak English French |
| PhysicalDescription: | 161 strán schémy, tabuľky 21 cm |
| Published: |
Bratislava
Rokus
2004
|
| ISBN: | 8089055478 |
| Edition: | 1. vyd. |
| Subjects: |
MARC
| LEADER | 00000cam a2200000 a 4500 | ||
|---|---|---|---|
| 001 | vtls001490480 | ||
| 003 | SK-MaSNL | ||
| 005 | 20260302073804.0 | ||
| 008 | 220509s2004 xo l grf 000 0 slo | ||
| 015 | |a SNBA2005/10-04057 | ||
| 020 | |a 8089055478 |q (viazané) | ||
| 035 | |a urn:nbn:sk:snk-am00gha7 | ||
| 035 | |a urn:nbn:sk:snk-am3j3rr | ||
| 035 | |a C937C8D2-E4A7-49B4-9539-5E27D7C50D43 | ||
| 040 | |a SNK |b slo |c SNK |e AACR2 | ||
| 041 | 0 | |a slo |a eng |a fre | |
| 043 | |a e-xo--- | ||
| 044 | |a xo |c SK | ||
| 072 | 7 | |a 37 |x Výchova a vzdelávanie |2 konspekt | |
| 072 | 7 | |a 316.3 |x Globálne spoločnosti. Sociálna štruktúra. Sociálne skupiny |2 konspekt | |
| 080 | |a 37.043.2 |2 1997 | ||
| 080 | |a (035) |2 1997 | ||
| 080 | |a (437.6) |2 1997 | ||
| 080 | |a (=214.58)-053.2 |2 1997 | ||
| 080 | |a (=214.58)-053.2 |2 2011 | ||
| 080 | |a (=214.58)-053.6 |2 2001 | ||
| 080 | |a 37.043.2 |2 2011 | ||
| 080 | |a (035) |2 2011 | ||
| 245 | 0 | 0 | |a Koncepcia integrovaného vzdelávania rómských detí a mládeže, vrátane rozvoja stredoškolského a vysokoškolského vzdelávania |b schválená uznesením vlády SR č. 498 zo dňa 26.5.2004 |
| 246 | 3 | 1 | |a Conception of integrated education of Roma children and youth, including seondary schools and university education development |
| 246 | 3 | 1 | |a Princepes de l'éducation integrée des enfants et jeunes Roms, au sein des établissement secondaire et dans l'enseignement supérieur |
| 250 | |a 1. vyd. | ||
| 260 | |a Bratislava |b Rokus |c 2004 | ||
| 300 | |a 161 strán |b schémy, tabuľky |c 21 cm | ||
| 366 | |e 500 kusov | ||
| 500 | |a Vydalo Ministerstvo školstva SR ; obsahuje zoznam príloh ; súbežný názov anglicky a francúzsky | ||
| 546 | |a Text slovensky, súbežne anglicky a francúzsky | ||
| 650 | 0 | 7 | |a rómske deti |2 SNKPH |9 31049 |
| 650 | 0 | 7 | |a rómska mládež |2 SNKPH |9 63360 |
| 650 | 0 | 7 | |a integrovaná výchova a vzdelávanie |2 SNKPH |9 67219 |
| 655 | 7 | |a príručky |2 SNKPH |9 74364 | |
| 710 | 1 | |a Slovensko. |b Ministerstvo školstva |4 pbl | |
| 919 | |a 80-89055-47-8 | ||
| 958 | |a TL | ||
| 958 | |a SP | ||
| 958 | |a RQ | ||
| 958 | |a OND | ||
| 999 | |c 1162397 |d 1164327 | ||
| 952 | |a SNK |b SNK |y PREZ |7 0 |p 17A0456230 |o snkSC 118730 |i snk2005/1166 |8 0 |0 0 |1 0 |4 0 |d 2005-01-25 |f 1 |l 0 |r 2025-05-27 00:00:00 |w 2026-02-24 | ||
| 952 | |a SNK |b SNK |y VYP |7 0 |p 17A0456229 |o snkSC 118730 D1 |i snk2005/1167 |8 0 |0 0 |1 0 |4 0 |d 2005-01-25 |l 0 |r 2026-02-24 20:37:55 |w 2026-02-24 | ||


